Africa Clickable Empty Blue Map Quiz - Statistics

General Stats
  • This quiz has been taken 1,835 times
  • The average score is 40 of 54
Answers on the Map
Answers color-coded by a green-red scale on the quiz's map according to % correct below.
 
Answer Stats
Answer % Correct
Algeria
87%
Egypt
87%
Libya
85%
Morocco
83%
Tunisia
83%
South Sudan
81%
Sudan
81%
Chad
78%
Mali
78%
Somalia
78%
South Africa
78%
Angola
77%
Djibouti
77%
Eritrea
77%
Niger
77%
Central African Republic
76%
Kenya
76%
Mauritania
76%
Nigeria
76%
Mozambique
75%
Swaziland
75%
Tanzania
75%
Botswana
74%
Burkina Faso
74%
Cameroon
74%
Ethiopia
74%
Lesotho
74%
Madagascar
74%
Senegal
74%
Congo (Dem. Rep.)
73%
Malawi
73%
Namibia
73%
Uganda
73%
Zambia
73%
Equatorial Guinea
72%
Rwanda
72%
Zimbabwe
72%
Burundi
71%
Congo (Rep. of)
71%
Togo
71%
Cote d'Ivoire
70%
Benin
69%
Gambia
69%
Cape Verde
68%
Ghana
68%
Guinea
68%
Liberia
68%
Mauritius
68%
Sao Tome & Principe
68%
Gabon
67%
Sierra Leone
67%
Seychelles
66%
Comoros
65%
Guinea-Bissau
64%
No matching quizzes found
Score Distribution
Percent of People with Each Score
Percentile by Number Answered
Your Score History
You have not taken this quiz